000 00731nam a2200205Ii 4500
003 JO-AjNU
008 230605s9999||||xx |||||||||||||| ||und||
040 _aJO-AjNU
_bara
_erda
_cJO-AjNU
041 _aara
050 1 4 _aDS79.72.N5564 1994
100 3 _aالنملة، علي بن إبراهيم,
_eauthor
_940237
245 0 0 _aالصراع العربي في الكويت: فرض الافكار قسرا
250 _aط1
264 3 1 _aالرياض مكتبة العكبيان، 1994
300 _a150ص
336 _atext
_btxt
_2rdacontent
337 _aunmediated
_bn
_2rdamedia
338 _avolume
_bnc
_2rdacarrier
650 4 _aحرب الخليخ 1991، الكويت-تاريخ- الاحتلال العراقي
_940238
999 _aA17058
_c20626
_d20626